| 000 | 00349 a2200157 4500 | ||
|---|---|---|---|
| 003 | Nust | ||
| 005 | 20170207153527.0 | ||
| 040 | _cNust | ||
| 082 | _a891.4392 | ||
| 100 | _aIshfaq Ahmed | ||
| 245 |
_aDeengha Mushti _cIshfaq Ahmed |
||
| 260 |
_aLahore _bSangh-e- Meel |
||
| 300 | _a335 | ||
| 538 | _aAlmirah No.66, Shelf No.5 | ||
| 650 | _aUrdu Literature | ||
| 942 |
_2ddc _cBK |
||
| 999 |
_c187820 _d187820 |
||